000 00694nam a22002172 4500
001 0000024551
005 20151217152304.0
008 140106s xx 000 0 eng d
020 _a0199560363 :
040 _aKABU
_cKABU
100 1 _aSliedregt, Elies Van.
_@0000184828
245 1 0 _aIndividual criminal responsibility in international law /
_cElies Van Sliedregt.
250 _a1st ed.
260 _aOxford :
_bO. U. P.,
_c2012.
300 _axxxii, 337 p.
650 0 _aCriminal liability (International law)
_@0000184829
650 0 _aCrimes against humanity.
_@0000182981
852 1 _9p9450 KES
908 _a140106
950 _@1
999 _c10331
_d10331